000 00285nam a2200109Ia 4500
008 200302s9999 xx 000 0 und d
100 _aAuthor
245 _aInternational Architecture yearbook No 3
260 _bThe Emages Publishing Group Pty. Ltd.
260 _c1997
300 _a432 P.,
999 _c1187
_d1187